000
00333nam a2200145Ia 4500
005
20251222143119.0
008
251222s9999||||xx |||||||||||||| ||spa||
020
_a
84-86776-46-5
082
_a
336.24/A42
100
_a
Aliaga Angulo, Eva
245
0
_a
El Sistema Impositivo
250
_a
3a.ed.
264
_b
Compas
942
_c
LIB
999
_c
11465
_d
11465